| 000 | 00634nam a22002057a 4500 | ||
|---|---|---|---|
| 003 | OSt | ||
| 005 | 20131107135437.0 | ||
| 008 | 130515s1994 sp ||||| |||| 00| 0 spa d | ||
| 020 | _a8431312947 | ||
| 040 | _cCDMR | ||
| 100 | 1 |
_9854 _aGaldón López, Gabriel |
|
| 245 | 1 | 0 |
_aDesinformación _b: método, aspectos y soluciones _cGabriel Galdón |
| 260 |
_aPamplona _bEdiciones Universidad de Navarra _cDL 1994 |
||
| 300 | _a255 p. | ||
| 490 |
_aCiencias de la información _v66 |
||
| 650 | 0 | 4 |
_93219 _aPeriodisme _xObjectivitat |
| 650 | 0 | 4 |
_94286 _aDesinformació |
| 650 | 0 | 4 |
_92030 _aPeriodisme _xOrientació professional |
| 942 |
_2udc _cMON |
||
| 999 |
_c6267 _d6267 |
||